1823 1090 1688 1134 1970 1548 1578 1443 1160 1639 1902 1867 1615 1637 1458 1830 1847 1595 1780 1915 1001 1542 1708 1113 1515 1924 1589 1402 1245 1794 1405 1984 1543 1786 1307 1071 1164 1888 1598 1741 1754 1528 1455 1547 1970 1403 1964 1626 1966 1829 1112 1582 1513 1149 1471 1223 1555 1568 1682 1710 1455 1026 1501 1925 1063 1739 1653 1454 1790 1277 1493 1486 1252 1057 1169 1586 1881 1043 1264 1848 1722 1505 1906 1541 1561 1956 1318 1101 1495 1505 1927 1288 1704 1189 1300 1295 1623 1396 1759 BCNSPRNW ULIB Ver.6.0+V

เปลี่ยนเป็นภาษาไทย

Change to English
 แสดงรายละเอียดบรรณานุกรม
  กลับหน้าหลัก

Brief Record : Get Marc (ISO 2709) : E-mail record : QR code < ปิดหน้าต่าง
LEADER : 00000nam 2200000uu 4500
001    13399112142
003     ULIB
008    110714s2552||||th 000 0 tha d
020    9786117138065
090    นว.^bอ655ส 2552
100 0  อาริตา
245 00 สุภาพบุรุษเถื่อน/^cอาริตา
250    พิมพ์ครั้งที่ 1
260    กรุงเทพฯ :^bลีลา,^c2552
300    316 หน้า
710 1  ลีลา
945    ^p220^l0^i026038
995    ทศพร
999     ^aใช้งานได้ทุกระบบ
รายการนี้ยังไม่มีแท็ก
คุณยังไม่ได้ล็อกอิน คุณสามารถมีกิจกรรมร่วมกับเว็บไซต์ได้ แต่ต้องล็อกอินก่อน ::
  ล็อกอิน

รายการสื่อสารสนเทศ

ลำดับที่ ประเภท เลขเรียก/บาร์โค้ด สถานที่ สถานะ
- ไม่พบข้อมูล -

รายการใกล้เคียง
    ผู้แต่ง [อาริตา]

BibComment


ยังไม่เคยถูกคอมเมนท์

คอมเมนท์ทรัพยากรรายการนี้
  คอมเมนท์: สุภาพบุรุษเถื่อน ..


 Copyright 2026. Bcnsprnw @Library